BIBLIOTECA

SENCICO

Análisis y Diseño de Estructuras con SAP 2000® (Registro nro. 983)

Detalles MARC
000 -LEADER
fixed length control field 00545nam a2200229Ia 4500
005 - DATE AND TIME OF LATEST TRANSACTION
control field 20251020182455.0
008 - FIXED-LENGTH DATA ELEMENTS--GENERAL INFORMATION
fixed length control field 200515s9999 xx 000 0 und d
082 ## - DEWEY DECIMAL CLASSIFICATION NUMBER
Classification number 624.014.6/A45
100 ## - MAIN ENTRY--PERSONAL NAME
Personal name Alvarado Calderón, César
245 #0 - TITLE STATEMENT
Title Análisis y Diseño de Estructuras con SAP 2000®
250 ## - EDITION STATEMENT
Edition statement 3a ed.
260 ## - PUBLICATION, DISTRIBUTION, ETC.
Place of publication, distribution, etc. Lima
260 ## - PUBLICATION, DISTRIBUTION, ETC.
Name of publisher, distributor, etc. ICG
260 ## - PUBLICATION, DISTRIBUTION, ETC.
Date of publication, distribution, etc. 2008
300 ## - PHYSICAL DESCRIPTION
Extent 135 p.
300 ## - PHYSICAL DESCRIPTION
Other physical details il., tbl., graf.
500 ## - GENERAL NOTE
General note 1 ejemplar
650 ## - SUBJECT ADDED ENTRY--TOPICAL TERM
Topical term or geographic name entry element DISEÑO DE ESTRUCTURAS
650 ## - SUBJECT ADDED ENTRY--TOPICAL TERM
Topical term or geographic name entry element SAP2000
942 ## - ADDED ENTRY ELEMENTS (KOHA)
Koha item type Libros
Existencias
Fecha de la última vez que lo usaron Pago total Signatura topográfica completa Código de barras Precio efectivo desde Tipo de documento Estado perdido Estado dañado No es para préstamo Retirado Ubicación permanente Ubicación actual Fecha de adquisición
15/05/2020   624.014.6/A45 Bib-Lima15050983 15/05/2020 Libros         Biblioteca Central Lima Biblioteca Central Lima 15/05/2020